000 00571nam a22002177a 4500
005 20170124110121.0
010 _aA-576093
020 _c80.00
035 _aA-576093
037 _bCen Lib/Ret
040 _aDPL
_bEN
082 _aN
_bKUN
100 _aKundera, Milan
_9101774
245 _aLife is elsewhere /
_cby Milan kundera
260 _bRupa & Co.
_c1993
_aNew Delhi
270 _bNew Delhi
_a7/16 Ansari Road, Dariya Ganj
_e110002
300 _a311p.
_c19cm(Hb)
650 _aLiterature
_96262
650 _aNovel
_922513
942 _2ddc
_cEN
_hN
_mKUN
999 _c130991
_d130991